000 00375nam a2200157Ia 4500
003 Ost
005 20260225132556.0
008 260225s9999||||xx |||||||||||||| ||und||
040 _cfsic
041 _afre
082 _a440
100 _aJean-Claude Batz
_eAuteur
245 0 _aNaissance d'un médium :
245 0 _bla vidéocassette /
_cJean-Claude Batz
942 _cكتاب
999 _c34449
_d34449